| 000 | 00696nam a2200229 a 4500 | ||
|---|---|---|---|
| 001 | BRCA_5785 | ||
| 005 | 20190320205220.0 | ||
| 008 | 090311s1907----gw-a######---#000-0#ger-# | ||
| 041 | _ager | ||
| 044 | _agw | ||
| 050 | 4 |
_aNC263 _b.B63 1907 |
|
| 100 | 1 |
_aBode, Wilhelm _d1845-1929 _914673 |
|
| 245 | 1 | 0 |
_aHandzeichnungen Altholländischer Genremaler _cWilhelm Bode ; mit tex von Wilhem R. Valentier. |
| 260 |
_aBerlín _bJulius Bard _c1907 |
||
| 300 |
_a60 p. _bil. (algunas a color), 50 láminas _c24 cm. |
||
| 500 | _aEstado físico: Camisa deteriorada | ||
| 500 | _aG10 | ||
| 650 | 1 | 4 |
_aDibujos holandeses _97502 |
| 700 | 1 |
_aValentier, Whilhem R. _914674 |
|
| 902 | _aGFM | ||
| 942 |
_2lcc _cB |
||
| 999 |
_c5474 _d5474 |
||